000 00651nam a2200217 a 4500
999 _c2672
_d2672
001 2672
003 BD-JhCC
005 20171105203752.0
008 171105s1987 b ||||| ||a| 00| 0 en d
035 _a(BD-JhCC)2672
040 _aBD-JhCC
_dBD-JhCC
041 _aben
082 _a863.1
_bFAS 1987
100 _aফাস্ট, হাওয়ার্ড
245 _aদি টল হাণ্টার /
_cহাওয়ার্ড ফাস্ট
260 _aঢাকা :
_bতিতাস লাইব্রেরী,
_c1987.
300 _a66 p. :
_bills;
_c18 cm.
650 _aAdventure Fiction
942 _2ddc
_cBK